| 000 | 00534pam a2200205 a 4500 | ||
|---|---|---|---|
| 005 | 20260322212037.0 | ||
| 008 | data | ||
| 010 | _a 89013430 | ||
| 020 |
_a0688094082 : _c{dollar}19.95 |
||
| 020 |
_a9780688094089 : _c{dollar}19.95 |
||
| 040 |
_aDLC _cDLC _dDLC |
||
| 050 | 0 | 0 |
_aPS3573.A475 _bG6 1990 |
| 082 | 0 | 0 |
_a813/.54 _220 |
| 100 | 1 | _aWambaugh, Joseph. | |
| 245 | 1 | 4 |
_aThe Golden Orange / _cJoseph Wambaugh. |
| 260 |
_aNew York : _bMorrow, _c1990. |
||
| 300 |
_a317 p. ; _c25 cm. |
||
| 500 | _a"A Perigord Press book." | ||
| 001 | data | ||
| 999 |
_c875 _d875 |
||